Southville International School and Colleges
Your cart is empty.
  • Cart
  • Lists
    Public lists Eva Luna New books Lux_list list_1
    Your lists Log in to create your own lists
  • Log in to your account
  • Your cookies
  • Search history
Southville International School and Colleges
  • Advanced search
  • Recent comments
  • Most popular
  • Libraries

Log in to your account

Log in with GOOGLE


If you do not have an external account, but do have a local account, you can still log in:

  1. Home
  2. MARC view: Hematology :
Normal view MARC view ISBD view

Hematology : (Record no. 13340)

[ view plain ]
MARC details
000 -LEADER
fixed length control field 01028cam a2200325 a 4500
001 - CONTROL NUMBER
control field 17348590
003 - CONTROL NUMBER IDENTIFIER
control field OSt
005 - DATE AND TIME OF LATEST TRANSACTION
control field 20140310182430.0
008 - FIXED-LENGTH DATA ELEMENTS--GENERAL INFORMATION
fixed length control field 120615s2012 moua b 001 0 eng
010 ## - LIBRARY OF CONGRESS CONTROL NUMBER
LC control number 2012418242
020 ## - INTERNATIONAL STANDARD BOOK NUMBER
International Standard Book Number 9789814371001
040 ## - CATALOGING SOURCE
Original cataloging agency DLC
Transcribing agency DLC
042 ## - AUTHENTICATION CODE
Authentication code pcc
050 ## - LIBRARY OF CONGRESS CALL NUMBER
Classification number RB 45
Item number .R685 2012
100 ## - MAIN ENTRY--PERSONAL NAME
Personal name Rodak, Bernadette F.
9 (RLIN) 7790
245 00 - TITLE STATEMENT
Title Hematology :
Remainder of title clinical principles and applications /
Statement of responsibility, etc [edited by] Bernadette F. Rodak, George A. Fritsma, Elaine M. Keohane.
250 ## - EDITION STATEMENT
Edition statement 4th ed.
260 ## - PUBLICATION, DISTRIBUTION, ETC. (IMPRINT)
Place of publication, distribution, etc St. Louis, Mo. :
Name of publisher, distributor, etc Elsevier Saunders,
Date of publication, distribution, etc c2012.
300 ## - PHYSICAL DESCRIPTION
Extent xvi, 864 p. :
Other physical details ill. (some col.) ;
Dimensions 29 cm.
650 #0 - SUBJECT ADDED ENTRY--TOPICAL TERM
Topical term or geographic name as entry element Hematology.
9 (RLIN) 7791
650 #0 - SUBJECT ADDED ENTRY--TOPICAL TERM
Topical term or geographic name as entry element Blood
General subdivision Analysis.
9 (RLIN) 7792
700 1# - ADDED ENTRY--PERSONAL NAME
Personal name Rodak, Bernadette F.
9 (RLIN) 7793
700 1# - ADDED ENTRY--PERSONAL NAME
Personal name Fritsma, George A.
9 (RLIN) 7794
700 1# - ADDED ENTRY--PERSONAL NAME
Personal name Keohane, Elaine M.
9 (RLIN) 7795
906 ## - LOCAL DATA ELEMENT F, LDF (RLIN)
a 7
b cbc
c origcop
d 3
e ncip
f 20
g y-gencatlg
942 ## - ADDED ENTRY ELEMENTS (KOHA)
Source of classification or shelving scheme Library of Congress Classification
Koha item type
Holdings
Withdrawn status Lost status Source of classification or shelving scheme Damaged status Home library Current library Shelving location Date acquired Source of acquisition Total Checkouts Total Renewals Full call number Barcode Date last seen Date checked out Copy number Price effective from Koha item type
    Library of Congress Classification   South SEED-LPDH College Library South SEED-LPDH College Library South SEED-LPDH College Section 06/26/2012 Donation 5 68 RB 45 .R685 2012 SSLC1004 05/15/2018 07/03/2017 1 11/06/2013 Books
    Library of Congress Classification   South SEED-LPDH College Library South SEED-LPDH College Library South SEED-LPDH College Section 08/05/2013   6 32 RB 45 .R685 2012 SSLC1005 05/15/2018 03/24/2017 2 08/05/2013 Books

Hematology :

APA

Rodak B. F., Rodak B. F., Fritsma G. A. & Keohane E. M. (2012). Hematology. St. Louis, Mo: Elsevier Saunders.

Chicago

Rodak Bernadette F, Rodak Bernadette F, Fritsma George A and Keohane Elaine M. 2012. Hematology. St. Louis, Mo: Elsevier Saunders.

Harvard

Rodak B. F., Rodak B. F., Fritsma G. A. and Keohane E. M. (2012). Hematology. St. Louis, Mo: Elsevier Saunders.

MLA

Rodak Bernadette F, Rodak Bernadette F, Fritsma George A and Keohane Elaine M. Hematology. St. Louis, Mo: Elsevier Saunders. 2012.

  • Place hold
  • Print
  • Cite
  • Add to your cart (remove)
  • Save record
    BIBTEX Dublin Core MARCXML MARC (non-Unicode/MARC-8) MARC (Unicode/UTF-8) MARC (Unicode/UTF-8, Standard) MODS (XML) RIS
  • More searches
    Search for this title in:
    Other Libraries (WorldCat) Other Databases (Google Scholar) Online Stores (Bookfinder.com) Open Library (openlibrary.org)

Exporting to Dublin Core...

SOUTHVILLE LIBRARY

Southville International School and Colleges Library

1281 Tropical Ave. Cor. Luxembourg St., BF Homes International, Las Pinas City

Tel. No. 8256374 / 252358 Loc. 117/146

Powered by Koha